|
|
|
|
| LEADER |
00000nas a22000007a 4500 |
| 001 |
ssj0007252 |
| 003 |
WaSeSS |
| 005 |
20200512172242.0 |
| 006 |
m d |
| 007 |
cr n |
| 008 |
010821c19819999mduwx pss 0 a0eng c |
| 010 |
|
|
|a 2008215772
|
| 022 |
|
|
|a 1944-8333
|l 0277-4232
|y 0277-4232
|
| 035 |
|
|
|a (WaSeSS)ssj0007252
|
| 037 |
|
|
|b Editorial Projects in Education, Inc., 6935 Arlington, Rd., Ste. 100, Bethesda, MD 20814-5233
|
| 040 |
|
|
|a HNK
|b eng
|c HNK
|d OCLCQ
|d UQ1
|d NSD
|d OCLCQ
|d OCLCO
|d COD
|d OCLCF
|d COO
|d OCLCO
|d OCLCQ
|d TKN
|d VT2
|d CUY
|d WaSeSS
|
| 042 |
|
|
|a pcc
|a nsdp
|
| 043 |
|
|
|a n-us---
|
| 050 |
1 |
4 |
|a L11
|
| 082 |
1 |
0 |
|a 370
|2 14
|
| 130 |
0 |
|
|a Education week (Online)
|
| 222 |
|
0 |
|a Education week
|b (Online)
|
| 245 |
1 |
0 |
|a Education week
|h [electronic resource].
|
| 260 |
|
|
|a Bethesda, MD :
|b Editorial Projects in Education, Inc.
|
| 310 |
|
|
|a 37 times per year,
|b <Mar. 14, 2013->
|
| 321 |
|
|
|a Frequency varies
|
| 362 |
1 |
|
|a Print began with: Vol. 1, no. 1 (Sept. 7, 1981)
|
| 500 |
|
|
|a Some nos. have distinctive theme titles, e.g. Technology counts, Diplomas count, Quality counts.
|
| 506 |
|
|
|a License restrictions may limit access.
|
| 538 |
|
|
|a Mode of access: World Wide Web.
|
| 588 |
|
|
|a Description based on: Vol. 20, iss. 20 (Jan. 31, 2001); title from title information screen (viewed July 17, 2001).
|
| 588 |
|
|
|a Latest issue consulted: Vol. 39, Issue 16 (December 11, 2019); publisher's website (viewed on December 20, 2019)
|
| 650 |
|
0 |
|a Education
|z United States
|v Periodicals.
|
| 650 |
|
7 |
|a Education.
|2 fast
|0 (OCoLC)fst00902499
|
| 650 |
|
7 |
|a Éducation.
|2 rasuqam
|
| 651 |
|
7 |
|a United States.
|2 fast
|0 (OCoLC)fst01204155
|
| 651 |
|
7 |
|a États-Unis.
|2 rasuqam
|
| 655 |
|
0 |
|a Electronic journals.
|
| 776 |
0 |
8 |
|i Print version:
|t Education week
|x 0277-4232
|w (DLC)sn 81001539
|w (OCoLC)7579948
|
| 856 |
4 |
0 |
|z Full text available from Research Library: 01/31/2001 to present
|u https://search.proquest.com/publication/49313
|